| 000 | 00670nam a2200205 i 4500 | ||
|---|---|---|---|
| 001 | 81762 | ||
| 003 | ES-MaACL | ||
| 005 | 20230906174516.0 | ||
| 007 | t| | ||
| 008 | 041105s1939 fr ||||1| fre d | ||
| 100 | 1 |
_aHuxley, Aldous, _d1894-1963 _964858 |
|
| 245 | 1 | 3 |
_aLa fin et les moyens _b: enquete sur la nature des idéals et sur les méthodes / _cAldous Huxley ; traduit de l'anglais par Jules Castier. |
| 260 |
_aParis : _bPlon et Nourrit, _c[1939] |
||
| 300 |
_aVII, 395 p. ; _c19 cm. |
||
| 490 | 1 | _aPrésences | |
| 700 | 1 |
_aCastier, Jules. _936635 |
|
| 830 | 0 |
_aPrésences _9182391 |
|
| 852 |
_aES-MaACL _jD-5058 _bR.30958 |
||
| 999 |
_c81762 _d81762 |
||